Misión Alfa Centauro
Saved in:
| Main Authors: | , , |
|---|---|
| Format: | Book |
| Language: | Spanish |
| Published: |
Santiago
Andrés Bello
1988
|
| Edition: | 1a. ed |
| Series: | Colección Andrés Bello, 78
|
| Subjects: | |
| Tags: |
Add Tag
No Tags, Be the first to tag this record!
|
MARC
| LEADER | 00000nam a2200000 a 4500 | ||
|---|---|---|---|
| 001 | UCH6145 | ||
| 003 | CL-VaPUC | ||
| 008 | 091109e19880000CL |||||||||||||||||spa|d | ||
| 020 | |a 9561307064 | ||
| 082 | 0 | 4 | |a Ch863 |b BAL |2 21 |
| 100 | 0 | |a Balcells, Alberto |e author |9 542531 | |
| 700 | 0 | |a Balcells, Jacqueline |e author |9 542532 | |
| 700 | |a Güiraldes, Ana María |e author |9 571895 | ||
| 245 | 1 | 0 | |a Misión Alfa Centauro |
| 250 | |a 1a. ed | ||
| 300 | |a 136 p | ||
| 942 | |c BK | ||
| 945 | |d 20091109 00:00:00 |a ccalabra | ||
| 260 | |a Santiago |b Andrés Bello |c 1988 | ||
| 650 | 0 | |a Literatura |9 259151 | |
| 650 | 0 | |a Literatura chilena |9 308278 | |
| 650 | 0 | |a Novelas chilenas |9 265425 | |
| 650 | 0 | |a Escritores chilenos |9 420370 | |
| 650 | 0 | |a Ficción |9 376687 | |
| 650 | 0 | |a Narrativa |9 336727 | |
| 650 | 0 | |a Lectura |9 307634 | |
| 651 | 7 | |a CHILE |2 CL-VaPUC |9 542534 | |
| 583 | |a last modification |c 20091109 00:00:00 |k Rodrigo Vera | ||
| 490 | 0 | |a Colección Andrés Bello, 78 | |
| 999 | |c 337096 |d 337094 | ||